| 000 | 00863nam0a22002531 4500 | ||
|---|---|---|---|
| 001 | rc\791479 | ||
| 005 | 20040301143609.8 | ||
| 035 | _a(NLR Aleph) 006316659 | ||
| 090 |
_a7408519 _c7408519 |
||
| 100 | _a20040301d1984 u |0rusy50 ca | ||
| 101 | 0 | _arus | |
| 102 | _aRU | ||
| 105 | _aa ||||||||| | ||
| 200 | 1 |
_aОсновы холодильной техники _fПер. с англ. М.Б. Розенберга _gПод ред. Л.Г. Каплана |
|
| 210 |
_aМ. _cЛег. и пищ. пром-сть _d1984 |
||
| 215 |
_a519 с. _cил. _d22 |
||
| 300 | _aПеревод изд.: Principles of refrigeration / Roy J. Dossat (New York etc.) | ||
| 320 | _aПредм. указ.: с. 508-512 | ||
| 700 | 1 |
_aДоссат _bР. Д. _gРой Дж. |
|
| 801 | 0 |
_aRU _bNLR _gpsbo |
|
| 801 | 1 |
_aRU _bELAR _2rusmarc |
|
| 852 |
_aNLR _j84-5/4549 |
||
| 942 | _cBOOK | ||
| 980 | _aNB | ||